| 000 | 01618nam2a22002771 4500 | ||
|---|---|---|---|
| 001 | RU\NLR\INFOCOMM15\1000117941 | ||
| 005 | 20260406063625.0 | ||
| 035 | _a(NLR Aleph) 002517533 | ||
| 090 |
_a2734931 _c2734931 |
||
| 100 | _a20040414d1926 |||y0rusy50 ca | ||
| 101 | 0 | _arus | |
| 102 | _aRU | ||
| 105 | _ay ||||||||| | ||
| 200 | 1 |
_aАбхазский аналитический алфавит _fН.Я. Марр |
|
| 210 |
_d1926 _aБ. м. |
||
| 225 | 1 |
_a... _v12 _i... _v1 |
|
| 461 | 0 |
_1001RU\NLR\INFOCOMM15\1000117885 _12001#$a[Издания]$fЦИК СССР. Ленингр. вост. ин-т$v12 _92734453 _aЛенинградский восточный институт _cЛ. _d1922-1937 _fЦИК СССР. Ленингр. вост. ин-т _nЛенингр. вост. ин-т _t[Издания] _v12 |
|
| 462 | 0 |
_1001RU\NLR\INFOCOMM15\1000117940 _12001#$aТруды Яфетического семинария$fЦИК СССР. Ленингр. ин-т живых вост. языков им. А.С.Енукидзе$v1 _92734923 _aЛенинградский восточный институт. Яфетический семинарий _cЛ. _d1926-1928 _fЦИК СССР. Ленингр. ин-т живых вост. языков им. А.С.Енукидзе _t[Издания]. - Труды Яфетического семинария _v1 |
|
| 700 | 1 |
_4070 _8rus _7ca _aМарр _bН.Я. _f1865-1934 _gНиколай Яковлевич _3RU\NLR\AUTH\7723108 _96162 |
|
| 801 | 1 |
_aRU _bInfoComm _c20040414 |
|
| 801 | 0 |
_aRU _bNLR _gPSBO |
|
| 852 |
_aNLR _j37.40.4.73 |
||
| 942 | _cISSUE | ||
| 980 | _aNB | ||
| 980 | _aRUSPER | ||